000 nam a22 7a 4500
999 _c93
_d93
005 20180907033513.0
008 170907b xxu||||| |||| 00| 0 eng d
020 _a9789715848046
_bpaperback
040 _beng
_cAPEC Schools Library
_erda
082 _aF 959.90922
_bC8893 2009
100 1 _aCruz, Emerlinda G.
245 1 _aEl Filibusterismo ni Jose P. Rizal /
_cby Emerlinda G. Cruz.
264 _aQuezon City, PH :
_bC & E Publishing ,
_c©2009
_d[2009]
300 _axxiv, 456 pages :
_billustrations ;
_c26 cm
336 _2rdacontent
_atext
337 _2rdamedia
_aunmediated
338 _2rdacarrier
_avolume
600 _aRizal, Jose
_tEl Filibusterismo
_y1861-1898
700 1 _aMangahas, Rogelio G.
_econsultant
942 _2ddc
_cBK